Cuenta conmigo (Registro nro. 6078)
[ vista simple ]
| 000 -Cabecera | |
|---|---|
| Campo de control de longitud fija | 00411ata a2200181 4500 |
| 005 - Fecha y hora de la última transacción | |
| Campo de control | 20231010162220.0 |
| 008 - Elementos de longitud fija--Información general | |
| Campo de control de longitud fija | 150529b xxu||||| |||| 00| 0 spa d |
| 041 ## - Idioma | |
| Código de idioma | |
| 082 ## - Clasificación Decimal Dewey | |
| Número de clasificación | 155.23 C965c |
| 245 ## - Título propiamente dicho | |
| Título | Cuenta conmigo |
| 260 ## - Pie de imprenta | |
| Lugar de publicación, distribución, etc. | España |
| 260 ## - Pie de imprenta | |
| Nombre del editor, distribuidor, etc. | Océano Ambar |
| 260 ## - Pie de imprenta | |
| Fecha de publicación, distribución, etc. | 2003 |
| 650 ## - Materia general | |
| Temática (materia general) | SUPERACIÓN PERSONAL |
| 650 ## - Materia general | |
| Temática (materia general) | AMISTAD |
| 650 ## - Materia general | |
| Temática (materia general) | AMOR |
| 942 ## - Punto de acceso adicional KOHA | |
| Tipo de ítem KOHA | Literatura |
| Fuente del sistema de clasificación o colocación | Dewey Decimal Classification |
| Signatura completa | Código de barras | Tipo de ítem |
|---|---|---|
| 155.23 C965c | 9800 | Literatura |